00850nam a2200217 a 450000100060000000300090000600800410001502000150005604000280007108200160009910000310011524500170014626000790016330000110024259000490025365000280030294200120033099900170034295201510035995201220051017926CO-ViMGA141112s2004 ck r 000 u spa d a9583350877 aCO-ViMGAbspacCO-ViMGA04aCo862 R637a1 aRodriguez, Adelaida92536310aLos Ausentes aTunja (Colombia), cAlcaldia Municipal de San Vicente de Chucurí, c2003 a122.p. aForma de adquisición : Premio - Mincultura14aPOESIA COLOMBIANA91069 2ddccBK c27325d27325 00102ddc40708003aMEVIECARbMEVIECARd2015-12-04hVolumen. 1 | 11/jun/2009l0oCo862 R637a p17926r2015-12-04 00:00:00tEj. 1w2015-12-04yBK 00102ddc40708GENaMECUMARAbMECUMARAcLITd2024-09-04l0oRODpCUM2111r2024-09-04 10:49:59tEj.1w2024-09-04yBK